[Event "eytcc"]
[Site "?"]
[Date "2017.08.18"]
[Round "2.31"]
[White "Haring, Filip"]
[Black "Kalavannan, Koby"]
[Result "0-1"]
[BlackElo "2201"]
[WhiteElo "2258"]
[LiveChessVersion "1.4.4"]

1. e4 c5 2. Nf3 Nc6 3. d4 cxd4 4. Nxd4 g6 5. Nc3 Bg7 6. Be3 Nf6 7. Bc4 O-O 8. Bb3
Re8 9. h4 e6 10. h5 d5 11. hxg6 hxg6 12. Nxc6 bxc6 13. Qd2 dxe4 14. O-O-O Qxd2+
15. Rxd2 a5 16. a4 Bb7 17. Rh4 Rec8 18. Bc4 c5 19. Nb5 Bd5 20. b3 Bf8 21. Rd1 Be7
22. Bg5 Kg7 23. Rdh1 Rd8 24. Nc3 Ra7 25. Ne2 Bxc4 26. bxc4 Rb7 27. Nc3 Rd4 28.
Nxe4 Nh5 29. Bxe7 Rxe7 30. Nxc5 Nf4 31. g3 Rxc4 32. Rh7+ Kf6 33. Nb3 Nd3+ 34. Kb1
Rb7 35. R7h4 Rc3 36. Rd4 Nb4 37. Rf4+ Kg7 38. Nxa5 Rb8 39. Nb3 Nxc2 40. Kc1 Na3+
41. Kd2 Rc2+ 42. Ke1 Rxb3 43. Kf1 e5 44. Re4 Nc4 45. Re1 Rbb2 46. Rh2 e4 47. a5
e3 48. a6 exf2 0-1

[Event "eytcc"]
[Site "?"]
[Date "2017.08.18"]
[Round "2.32"]
[White "Varney, Zoe"]
[Black "Sahidi, Samir"]
[Result "0-1"]
[BlackElo "2212"]
[WhiteElo "2005"]
[LiveChessVersion "1.4.4"]

1. e4 {[%clk 1:30:58]} c5 {[%clk 1:30:40]} 2. c3 {[%clk 1:31:21]} Nf6
{[%clk 1:30:10]} 3. e5 {[%clk 1:31:43]} Nd5 {[%clk 1:30:17]} 4. Nf3
{[%clk 1:31:47]} Nc6 {[%clk 1:29:01]} 5. d4 {[%clk 1:31:20]} cxd4
{[%clk 1:28:33]} 6. cxd4 {[%clk 1:31:39]} e6 {[%clk 1:27:20]} 7. Bc4
{[%clk 1:28:42]} d6 {[%clk 1:26:36]} 8. O-O {[%clk 1:22:03]} Be7 {[%clk 1:24:37]}
9. a3 {[%clk 1:19:02]} O-O {[%clk 1:22:34]} 10. Qc2 {[%clk 1:06:06]} Qc7
{[%clk 1:20:00]} 11. Bxd5 {[%clk 1:01:40]} exd5 {[%clk 1:19:44]} 12. Nc3
{[%clk 1:01:37]} Be6 {[%clk 1:16:41]} 13. Nb5 {[%clk 0:56:24]} Qd7
{[%clk 1:13:23]} 14. exd6 {[%clk 0:52:53]} Bxd6 {[%clk 1:13:04]} 15. Nxd6
{[%clk 0:53:05]} Qxd6 {[%clk 1:13:18]} 16. Qc5 {[%clk 0:50:10]} Qxc5
{[%clk 1:09:43]} 17. dxc5 {[%clk 0:50:29]} Bg4 {[%clk 1:09:41]} 18. Bf4
{[%clk 0:39:56]} Bxf3 {[%clk 1:07:32]} 19. gxf3 {[%clk 0:40:17]} Rfd8
{[%clk 1:01:46]} 20. Rfd1 {[%clk 0:38:15]} f6 {[%clk 0:58:27]} 21. Rd3
{[%clk 0:34:12]} Kf7 {[%clk 0:57:35]} 22. Rad1 {[%clk 0:31:52]} d4
{[%clk 0:57:11]} 23. b4 {[%clk 0:29:16]} g5 {[%clk 0:52:32]} 24. Bd6
{[%clk 0:27:13]} b5 {[%clk 0:51:00]} 25. Kg2 {[%clk 0:22:38]} Ke6
{[%clk 0:50:16]} 26. f4 {[%clk 0:14:41]} Kd5 {[%clk 0:47:07]} 27. Be7
{[%clk 0:12:38]} Rd7 {[%clk 0:43:10]} 28. Bxf6 {[%clk 0:10:54]} Kc4
{[%clk 0:42:40]} 29. fxg5 {[%clk 0:08:29]} Re8 {[%clk 0:40:32]} 30. Rf3
{[%clk 0:06:43]} Re2 {[%clk 0:39:10]} 31. Rc1+ {[%clk 0:05:21]} Kd5
{[%clk 0:39:21]} 32. Kf1 {[%clk 0:04:15]} Re4 {[%clk 0:37:29]} 33. Re1
{[%clk 0:01:52]} Rxe1+ {[%clk 0:35:36]} 34. Kxe1 {[%clk 0:02:18]} a5
{[%clk 0:35:28]} 35. Rd3 {[%clk 0:01:53]} axb4 {[%clk 0:35:08]} 36. axb4
{[%clk 0:01:51]} Kc4 {[%clk 0:34:58]} 37. Rd1 {[%clk 0:00:52]} Nxb4
{[%clk 0:34:04]} 38. Rc1+ {[%clk 0:01:12]} Kd5 {[%clk 0:34:04]} 39. Kd2
{[%clk 0:01:05]} Ra7 {[%clk 0:33:51]} 40. Ke2 {[%clk 0:30:39]} Ra2+
{[%clk 1:01:36]} 41. Kf3 {[%clk 0:30:06]} Ra3+ {[%clk 0:59:20]} 42. Ke2
{[%clk 0:24:08]} Nd3 {[%clk 0:57:31]} 43. Rd1 {[%clk 0:22:20]} Nf4+
{[%clk 0:57:42]} 44. Ke1 {[%clk 0:19:28]} d3 {[%clk 0:57:27]} 45. Bb2
{[%clk 0:17:17]} Rb3 {[%clk 0:57:22]} 46. Bc1 {[%clk 0:17:08]} Ne6
{[%clk 0:53:26]} 47. Be3 {[%clk 0:16:31]} b4 {[%clk 0:53:28]} 48. h4
{[%clk 0:15:42]} Ke4 {[%clk 0:51:33]} 49. c6 {[%clk 0:10:55]} Rc3
{[%clk 0:49:40]} 50. Bd2 {[%clk 0:09:00]} Rxc6 {[%clk 0:49:00]} 51. Bxb4
{[%clk 0:09:13]} Nd4 {[%clk 0:49:05]} 52. Kf1 {[%clk 0:04:48]} Nf3
{[%clk 0:49:11]} 53. Be7 {[%clk 0:04:37]} Nxh4 {[%clk 0:47:44]} 54. Re1+
{[%clk 0:03:22]} Kf5 {[%clk 0:47:12]} 55. Rd1 {[%clk 0:01:48]} Ke4
{[%clk 0:46:45]} 56. Re1+ {[%clk 0:02:08]} Kf4 {[%clk 0:46:36]} 57. Rd1
{[%clk 0:01:26]} Nf3 {[%clk 0:46:09]} 58. Bb4 {[%clk 0:00:47]} Ke4
{[%clk 0:45:19]} 59. Be7 {[%clk 0:00:38]} h6 {[%clk 0:44:48]} 60. gxh6
{[%clk 0:00:38]} Rg6 {[%clk 0:45:08]} 61. Re1+ {[%clk 0:00:45]} Kf5
{[%clk 0:45:08]} 62. Bg5 {[%clk 0:00:38]} Rxg5 {[%clk 0:45:18]} 63. Re5+
{[%clk 0:00:52]} Kxe5 {[%clk 0:45:38]} 64. h7 {[%clk 0:01:17]} Rg1# 0-1

[Event "eytcc"]
[Site "?"]
[Date "2017.08.18"]
[Round "2.33"]
[White "Czopor, Maciej"]
[Black "Pacan-Milej, Kosma"]
[Result "1-0"]
[BlackElo "2338"]
[WhiteElo "2105"]
[LiveChessVersion "1.4.4"]

1. e4 {[%clk 1:30:58]} c5 {[%clk 1:30:55]} 2. Nf3 {[%clk 1:31:25]} d6
{[%clk 1:31:19]} 3. d4 {[%clk 1:31:50]} Nf6 {[%clk 1:31:44]} 4. Nc3
{[%clk 1:32:16]} cxd4 {[%clk 1:32:09]} 5. Nxd4 {[%clk 1:32:41]} a6
{[%clk 1:32:35]} 6. Be3 {[%clk 1:33:03]} e5 {[%clk 1:32:56]} 7. Nb3
{[%clk 1:33:27]} Be6 {[%clk 1:33:01]} 8. f3 {[%clk 1:33:50]} h5 {[%clk 1:32:33]}
9. Nd5 {[%clk 1:34:10]} Bxd5 {[%clk 1:31:42]} 10. exd5 {[%clk 1:34:31]} Nbd7
{[%clk 1:32:01]} 11. Qd2 {[%clk 1:34:10]} Qc7 {[%clk 1:29:26]} 12. O-O-O
{[%clk 1:27:07]} Be7 {[%clk 1:25:40]} 13. Kb1 {[%clk 1:26:08]} Nb6
{[%clk 1:16:17]} 14. Qa5 {[%clk 1:19:13]} Rc8 {[%clk 1:11:24]} 15. c3
{[%clk 1:07:42]} Nfd7 {[%clk 1:11:42]} 16. Bd3 {[%clk 1:05:45]} O-O
{[%clk 1:10:15]} 17. Rc1 {[%clk 1:02:24]} Nc4 {[%clk 1:04:05]} 18. Qxc7
{[%clk 1:01:45]} Rxc7 {[%clk 1:04:34]} 19. Bxc4 {[%clk 1:01:13]} Rxc4
{[%clk 1:05:03]} 20. Na5 {[%clk 1:01:16]} Rc7 {[%clk 1:04:08]} 21. c4
{[%clk 1:00:28]} Rfc8 {[%clk 0:47:51]} 22. Rhd1 {[%clk 0:57:56]} b5
{[%clk 0:29:43]} 23. Nc6 {[%clk 0:52:41]} Bf8 {[%clk 0:29:26]} 24. cxb5
{[%clk 0:49:28]} axb5 {[%clk 0:29:55]} 25. Rd3 {[%clk 0:45:37]} Nc5
{[%clk 0:20:21]} 26. Rdc3 {[%clk 0:38:41]} Kh7 {[%clk 0:16:28]} 27. b4
{[%clk 0:29:21]} Nd7 {[%clk 0:15:41]} 28. Kb2 {[%clk 0:24:54]} g6
{[%clk 0:14:59]} 29. Kb3 {[%clk 0:20:21]} f5 {[%clk 0:12:23]} 30. a4
{[%clk 0:18:49]} bxa4+ {[%clk 0:09:53]} 31. Kxa4 {[%clk 0:18:48]} Nf6
{[%clk 0:08:50]} 32. Rd3 {[%clk 0:18:41]} Ra8+ {[%clk 0:07:26]} 33. Na5
{[%clk 0:18:43]} Rxc1 {[%clk 0:06:08]} 34. Bxc1 {[%clk 0:19:08]} e4
{[%clk 0:04:27]} 35. Rd1 {[%clk 0:18:47]} Re8 {[%clk 0:03:07]} 36. Nc4
{[%clk 0:17:56]} Rc8 {[%clk 0:01:55]} 37. Kb3 {[%clk 0:17:45]} exf3
{[%clk 0:01:51]} 38. gxf3 {[%clk 0:18:09]} Bg7 {[%clk 0:00:36]} 39. Bf4
{[%clk 0:17:57]} Re8 {[%clk 0:00:49]} 40. Bxd6 {[%clk 0:47:58]} Nd7
{[%clk 0:30:54]} 41. Bc7 {[%clk 0:45:30]} Re2 {[%clk 0:30:49]} 42. d6
{[%clk 0:43:40]} Rxh2 {[%clk 0:29:52]} 43. Nb6 {[%clk 0:37:51]} Rb2+
{[%clk 0:27:10]} 44. Ka3 {[%clk 0:36:54]} 1-0

[Event "eytcc"]
[Site "?"]
[Date "2017.08.18"]
[Round "2.34"]
[White "Baum, Jonasz"]
[Black "Guzik, Kacper"]
[Result "1-0"]
[BlackElo "1243"]
[WhiteElo "2294"]
[LiveChessVersion "1.4.4"]

1. e4 {[%clk 1:30:58]} e5 {[%clk 1:30:52]} 2. Nf3 {[%clk 1:31:24]} Nc6
{[%clk 1:31:12]} 3. Bc4 {[%clk 1:31:50]} Bc5 {[%clk 1:31:14]} 4. c3
{[%clk 1:32:05]} d6 {[%clk 1:29:42]} 5. d4 {[%clk 1:31:58]} exd4 {[%clk 1:29:31]}
6. cxd4 {[%clk 1:32:21]} Bb4+ {[%clk 1:29:38]} 7. Bd2 {[%clk 1:29:25]} Bxd2+
{[%clk 1:29:33]} 8. Nbxd2 {[%clk 1:29:31]} Bg4 {[%clk 1:26:30]} 9. h3
{[%clk 1:20:46]} Bh5 {[%clk 1:24:25]} 10. Qa4 {[%clk 1:17:18]} Bxf3
{[%clk 1:06:39]} 11. Nxf3 {[%clk 1:17:29]} Kf8 {[%clk 0:49:08]} 12. O-O
{[%clk 1:16:49]} Nge7 13. Ng5 {[%clk 1:00:04]} d5 {[%clk 0:45:40]} 14. exd5
{[%clk 1:00:16]} Nxd5 {[%clk 0:44:18]} 15. Qa3+ {[%clk 1:00:20]} Kg8
{[%clk 0:41:46]} 16. Nxf7 {[%clk 1:00:26]} Kxf7 {[%clk 0:40:46]} 17. Qf3+
{[%clk 1:00:51]} Qf6 {[%clk 0:40:10]} 18. Qxd5+ {[%clk 0:59:24]} Kg6
{[%clk 0:35:17]} 19. g4 {[%clk 0:52:16]} h5 {[%clk 0:29:35]} 20. Bd3+
{[%clk 0:52:39]} 1-0

[Event "eytcc"]
[Site "?"]
[Date "2017.08.18"]
[Round "2.35"]
[White "Jaszczuk, Mateusz"]
[Black "Oglaza, Oskar"]
[Result "0-1"]
[BlackElo "2185"]
[WhiteElo "1472"]
[LiveChessVersion "1.4.4"]

1. e4 {[%clk 1:30:52]} c5 {[%clk 1:30:48]} 2. Nf3 {[%clk 1:31:11]} d6
{[%clk 1:31:05]} 3. Bb5+ {[%clk 1:31:23]} Nc6 {[%clk 1:31:21]} 4. Bxc6+
{[%clk 1:30:49]} bxc6 {[%clk 1:31:43]} 5. c3 {[%clk 1:29:17]} g6 {[%clk 1:22:28]}
6. d4 {[%clk 1:27:59]} cxd4 {[%clk 1:06:04]} 7. cxd4 {[%clk 1:28:03]} Bg7
{[%clk 1:04:33]} 8. Nc3 {[%clk 1:26:50]} Bg4 {[%clk 1:01:58]} 9. Be3
{[%clk 1:25:56]} Qb6 {[%clk 0:56:46]} 10. Qa4 {[%clk 0:56:54]} Bd7
{[%clk 0:56:33]} 11. Rb1 {[%clk 0:44:43]} Nf6 {[%clk 0:51:45]} 12. h3
{[%clk 0:31:31]} O-O {[%clk 0:48:50]} 13. O-O {[%clk 0:28:47]} Qb7
{[%clk 0:49:04]} 14. Qa3 {[%clk 0:27:09]} Rfd8 {[%clk 0:45:56]} 15. Rbd1
{[%clk 0:11:03]} Ne8 {[%clk 0:43:22]} 16. e5 {[%clk 0:09:59]} Be6
{[%clk 0:42:21]} 17. b3 {[%clk 0:09:34]} Nc7 {[%clk 0:40:39]} 18. Ne4
{[%clk 0:05:42]} Bd5 {[%clk 0:41:01]} 19. exd6 {[%clk 0:04:27]} Bxe4
{[%clk 0:41:21]} 20. dxc7 {[%clk 0:04:19]} Qxc7 {[%clk 0:41:29]} 21. Ng5
{[%clk 0:02:20]} Bd5 {[%clk 0:41:47]} 22. Qc5 {[%clk 0:01:33]} h6
{[%clk 0:39:57]} 23. Nf3 {[%clk 0:01:43]} Bxf3 {[%clk 0:40:04]} 24. gxf3
{[%clk 0:02:05]} Rd5 {[%clk 0:40:28]} 25. Qc1 {[%clk 0:02:10]} Qd7
{[%clk 0:40:26]} 26. Kg2 {[%clk 0:02:24]} Rd8 {[%clk 0:38:49]} 27. Bxh6
{[%clk 0:01:22]} Bxh6 {[%clk 0:39:09]} 28. Qxh6 {[%clk 0:01:40]} Rh5
{[%clk 0:39:33]} 0-1

[Event "eytcc"]
[Site "?"]
[Date "2017.08.18"]
[Round "2.36"]
[White "Chyzy, Jakub"]
[Black "Chodorowski, Adrian"]
[Result "1-0"]
[BlackElo "1330"]
[WhiteElo "2174"]
[LiveChessVersion "1.4.4"]

1. e4 {[%clk 1:30:59]} d6 {[%clk 1:30:23]} 2. d4 {[%clk 1:31:15]} Nf6
{[%clk 1:26:54]} 3. Nc3 {[%clk 1:31:17]} g6 {[%clk 1:24:14]} 4. f3
{[%clk 1:30:12]} c6 {[%clk 1:16:58]} 5. Be3 {[%clk 1:30:05]} b5 {[%clk 1:07:12]}
6. Qd2 {[%clk 1:29:26]} Bb7 {[%clk 1:03:43]} 7. g4 {[%clk 1:27:57]} Nbd7
{[%clk 1:00:18]} 8. Nge2 {[%clk 1:21:45]} Nb6 {[%clk 0:57:30]} 9. Ng3
{[%clk 1:21:39]} h5 {[%clk 0:54:48]} 10. gxh5 {[%clk 1:16:43]} Nxh5
{[%clk 0:55:04]} 11. Nxh5 {[%clk 1:16:47]} Rxh5 {[%clk 0:55:27]} 12. Bd3
{[%clk 1:13:12]} e5 {[%clk 0:31:25]} 13. O-O-O {[%clk 1:07:44]} Qe7
{[%clk 0:13:01]} 14. dxe5 {[%clk 0:59:38]} Rxe5 {[%clk 0:04:55]} 15. f4
{[%clk 0:57:53]} Re6 {[%clk 0:04:38]} 16. Rhe1 {[%clk 0:56:49]} O-O-O
{[%clk 0:03:36]} 17. f5 {[%clk 0:53:52]} gxf5 {[%clk 0:03:18]} 18. exf5
{[%clk 0:54:20]} Re5 {[%clk 0:03:17]} 19. Bf4 {[%clk 0:53:42]} Rxe1
{[%clk 0:02:35]} 20. Rxe1 {[%clk 0:54:11]} Qd7 {[%clk 0:02:20]} 21. Qe2
{[%clk 0:50:07]} Bg7 {[%clk 0:01:31]} 22. Ne4 {[%clk 0:48:41]} Be5
{[%clk 0:00:46]} 23. Bxe5 {[%clk 0:47:05]} dxe5 {[%clk 0:01:14]} 24. Nc5
{[%clk 0:44:45]} Qe7 {[%clk 0:01:05]} 25. Qxe5 {[%clk 0:44:01]} Qg5+
{[%clk 0:00:51]} 26. Kb1 {[%clk 0:42:47]} Qd2 {[%clk 0:00:39]} 27. f6
{[%clk 0:40:28]} Ba8 {[%clk 0:00:32]} 28. Bf5+ {[%clk 0:40:43]} Nd7
{[%clk 0:00:47]} 29. Bxd7+ {[%clk 0:41:07]} Rxd7 {[%clk 0:01:08]} 30. Nxd7
{[%clk 0:41:27]} Qxd7 {[%clk 0:01:00]} 31. Qe8+ {[%clk 0:41:55]} Qxe8
{[%clk 0:01:08]} 32. Rxe8+ {[%clk 0:42:24]} 1-0

[Event "eytcc"]
[Site "?"]
[Date "2017.08.18"]
[Round "2.37"]
[White "Chukavin, Kirill"]
[Black "Dobrovoljc, Vid"]
[Result "0-1"]
[BlackElo "2303"]
[WhiteElo "2159"]
[LiveChessVersion "1.4.4"]

1. e4 {[%clk 1:30:57]} e5 {[%clk 1:30:40]} 2. Nf3 {[%clk 1:31:20]} Nc6
{[%clk 1:31:05]} 3. Bb5 {[%clk 1:31:23]} a6 {[%clk 1:31:03]} 4. Ba4
{[%clk 1:31:25]} Nf6 {[%clk 1:30:57]} 5. O-O {[%clk 1:31:35]} Be7
{[%clk 1:30:42]} 6. Re1 {[%clk 1:31:46]} b5 {[%clk 1:30:37]} 7. Bb3
{[%clk 1:32:07]} O-O {[%clk 1:29:48]} 8. h3 {[%clk 1:29:31]} d6 {[%clk 1:27:48]}
9. c3 {[%clk 1:29:41]} Re8 {[%clk 1:27:30]} 10. d4 {[%clk 1:27:27]} Bb7
{[%clk 1:24:35]} 11. Nbd2 {[%clk 1:25:19]} Bf8 {[%clk 1:16:47]} 12. Bc2
{[%clk 1:20:19]} Qd7 {[%clk 1:07:56]} 13. a3 {[%clk 1:15:17]} Rad8
{[%clk 0:58:54]} 14. d5 {[%clk 1:00:04]} Ne7 {[%clk 0:55:29]} 15. b3
{[%clk 0:56:51]} c6 {[%clk 0:36:32]} 16. c4 {[%clk 0:54:46]} cxd5
{[%clk 0:29:17]} 17. cxd5 {[%clk 0:51:58]} Rc8 {[%clk 0:28:19]} 18. Bb2
{[%clk 0:40:22]} Ng6 {[%clk 0:27:23]} 19. Bd3 {[%clk 0:37:04]} Be7
{[%clk 0:25:01]} 20. b4 {[%clk 0:31:10]} Bd8 {[%clk 0:21:21]} 21. a4
{[%clk 0:29:38]} Nf4 {[%clk 0:19:26]} 22. Bf1 {[%clk 0:26:04]} Bb6
{[%clk 0:19:38]} 23. Nb1 {[%clk 0:22:47]} bxa4 {[%clk 0:17:32]} 24. Rxa4
{[%clk 0:17:31]} N6h5 {[%clk 0:15:38]} 25. Nbd2 {[%clk 0:13:18]} Ng3
{[%clk 0:12:42]} 26. Ra3 {[%clk 0:07:05]} Nxf1 {[%clk 0:11:52]} 27. Nxf1
{[%clk 0:05:49]} Rc4 {[%clk 0:08:30]} 28. Bc3 {[%clk 0:04:53]} f5
{[%clk 0:05:25]} 29. N1d2 {[%clk 0:02:33]} Rc7 {[%clk 0:03:48]} 30. Nh4
{[%clk 0:01:39]} fxe4 {[%clk 0:01:46]} 31. Nxe4 {[%clk 0:02:08]} Nxd5
{[%clk 0:01:17]} 32. Bb2 {[%clk 0:02:05]} Nf4 {[%clk 0:00:53]} 33. Nxd6
{[%clk 0:00:51]} Rf8 {[%clk 0:01:00]} 34. Nxb7 {[%clk 0:00:32]} Rxb7
{[%clk 0:00:32]} 35. Qxd7 {[%clk 0:00:50]} Rxd7 {[%clk 0:01:01]} 36. Nf3
{[%clk 0:00:33]} Nd3 {[%clk 0:00:50]} 37. Rd1 {[%clk 0:00:33]} e4
{[%clk 0:00:55]} 38. Kh2 {[%clk 0:00:32]} Bc7+ {[%clk 0:00:37]} 39. Kg1
{[%clk 0:00:39]} Bb6 {[%clk 0:00:37]} 40. Kh2 {[%clk 0:30:43]} Rfd8
{[%clk 0:30:56]} 41. Ng5 {[%clk 0:26:37]} Nxb2 {[%clk 0:25:51]} 42. Rxd7
{[%clk 0:26:56]} Rxd7 {[%clk 0:26:15]} 43. Rxa6 {[%clk 0:26:49]} Bc7+
{[%clk 0:21:04]} 44. g3 {[%clk 0:27:10]} Nd3 {[%clk 0:18:27]} 45. Ra8+
{[%clk 0:25:42]} Rd8 {[%clk 0:18:33]} 46. Rxd8+ {[%clk 0:25:55]} Bxd8
{[%clk 0:19:00]} 47. Nxe4 {[%clk 0:26:03]} Nxb4 {[%clk 0:19:12]} 48. f4
{[%clk 0:24:08]} Nd5 {[%clk 0:16:44]} 49. Kg2 {[%clk 0:24:16]} Kf7
{[%clk 0:11:18]} 50. Kf3 {[%clk 0:24:33]} Bc7 {[%clk 0:09:05]} 51. Ng5+
{[%clk 0:23:46]} Kg6 {[%clk 0:08:12]} 52. Ne6 {[%clk 0:23:35]} Kf6
{[%clk 0:08:22]} 53. Ng5 {[%clk 0:22:12]} h5 {[%clk 0:06:29]} 54. Ne4+
{[%clk 0:20:56]} Kg6 {[%clk 0:06:49]} 55. h4 {[%clk 0:10:51]} Kf5
{[%clk 0:06:27]} 56. Nf2 {[%clk 0:10:55]} Nf6 {[%clk 0:04:27]} 57. Nd1
{[%clk 0:10:19]} Bb6 {[%clk 0:04:10]} 58. Nc3 {[%clk 0:10:18]} Bc5
{[%clk 0:03:33]} 59. Ne2 {[%clk 0:09:34]} Ne4 {[%clk 0:03:40]} 60. Nc1
{[%clk 0:09:09]} Bb4 {[%clk 0:02:50]} 61. Nd3 {[%clk 0:04:31]} Bc3
{[%clk 0:03:14]} 62. Nc1 {[%clk 0:04:45]} Be1 {[%clk 0:02:43]} 63. Ne2
{[%clk 0:05:00]} Bf2 {[%clk 0:02:40]} 64. Nc3 {[%clk 0:03:50]} Nxc3
{[%clk 0:03:04]} 65. Kxf2 {[%clk 0:04:17]} Kg4 {[%clk 0:03:24]} 0-1

[Event "eytcc"]
[Site "?"]
[Date "2017.08.18"]
[Round "2.38"]
[White "Zamar Kodelja, Jurij"]
[Black "Garanin, Aleksei"]
[Result "1/2-1/2"]
[BlackElo "2192"]
[WhiteElo "2251"]
[LiveChessVersion "1.4.4"]

1. Nf3 {[%clk 1:30:40]} Nf6 {[%clk 1:30:53]} 2. g3 {[%clk 1:30:58]} g6
{[%clk 1:31:17]} 3. Bg2 {[%clk 1:31:23]} Bg7 {[%clk 1:31:43]} 4. c4
{[%clk 1:31:40]} O-O {[%clk 1:32:08]} 5. O-O {[%clk 1:32:05]} d6 {[%clk 1:32:34]}
6. d4 {[%clk 1:32:11]} Nc6 {[%clk 1:32:58]} 7. Nc3 {[%clk 1:32:36]} a6
{[%clk 1:33:24]} 8. Bf4 {[%clk 1:30:08]} Rb8 {[%clk 1:33:22]} 9. Rc1
{[%clk 1:29:33]} Bd7 {[%clk 1:33:27]} 10. d5 {[%clk 1:27:01]} Na5
{[%clk 1:33:49]} 11. Nd2 {[%clk 1:26:59]} c5 {[%clk 1:33:58]} 12. dxc6
{[%clk 1:26:00]} bxc6 {[%clk 1:28:13]} 13. b3 {[%clk 1:24:02]} c5
{[%clk 1:22:54]} 14. Nf3 {[%clk 1:20:06]} Nc6 {[%clk 1:19:20]} 15. Qd2
{[%clk 1:19:01]} Re8 {[%clk 1:11:24]} 16. Bh6 {[%clk 1:17:07]} Bh8
{[%clk 1:10:48]} 17. h3 {[%clk 1:16:53]} a5 {[%clk 0:54:19]} 18. Rfe1
{[%clk 1:15:38]} Nb4 {[%clk 0:51:54]} 19. e4 {[%clk 1:15:20]} Bc6
{[%clk 0:47:57]} 20. Rcd1 {[%clk 1:12:58]} Qc7 {[%clk 0:39:54]} 21. e5
{[%clk 1:06:05]} Qb7 {[%clk 0:32:15]} 22. exf6 {[%clk 0:57:16]} Bxf3
{[%clk 0:32:20]} 23. Rxe7 {[%clk 0:57:25]} Rxe7 {[%clk 0:28:41]} 24. Bxf3
{[%clk 0:57:47]} Qxf3 {[%clk 0:29:02]} 25. fxe7 {[%clk 0:58:13]} Bd4
{[%clk 0:20:48]} 26. Be3 {[%clk 0:57:41]} Nc6 {[%clk 0:19:59]} 27. Bxd4
{[%clk 0:49:58]} Nxd4 {[%clk 0:20:26]} 28. Qd3 {[%clk 0:50:00]} Qxd3
{[%clk 0:17:16]} 29. Rxd3 {[%clk 0:50:24]} f5 {[%clk 0:16:38]} 30. Re3
{[%clk 0:39:58]} Kf7 {[%clk 0:16:04]} 31. Nb5 {[%clk 0:40:19]} Nxb5
{[%clk 0:16:20]} 32. cxb5 {[%clk 0:40:46]} Ke8 {[%clk 0:16:06]} 33. a4
{[%clk 0:41:11]} Kd7 {[%clk 0:12:49]} 34. Kf1 {[%clk 0:33:52]} Re8
{[%clk 0:12:34]} 35. Ke2 {[%clk 0:34:11]} Rxe7 {[%clk 0:12:21]} 36. Rxe7+
{[%clk 0:34:38]} Kxe7 {[%clk 0:12:47]} 37. f4 {[%clk 0:35:06]} d5
{[%clk 0:12:55]} 38. Kd3 {[%clk 0:35:33]} Kd6 {[%clk 0:13:10]} 39. Kc3
{[%clk 0:36:02]} Kc7 {[%clk 0:13:00]} 1/2-1/2

[Event "eytcc"]
[Site "?"]
[Date "2017.08.18"]
[Round "2.39"]
[White "Lumiste, Rene"]
[Black "Brinovec, David"]
[Result "1/2-1/2"]
[BlackElo "2178"]
[WhiteElo "2130"]
[LiveChessVersion "1.4.4"]

1. e4 {[%clk 1:30:56]} e5 {[%clk 1:30:53]} 2. Nf3 {[%clk 1:31:24]} Nc6
{[%clk 1:31:15]} 3. Nc3 {[%clk 1:31:50]} Nf6 {[%clk 1:31:37]} 4. Be2
{[%clk 1:32:15]} d5 {[%clk 1:30:20]} 5. exd5 {[%clk 1:32:38]} Nxd5
{[%clk 1:30:45]} 6. O-O {[%clk 1:32:49]} Nxc3 {[%clk 1:25:47]} 7. bxc3
{[%clk 1:33:13]} e4 {[%clk 1:23:58]} 8. Ne1 {[%clk 1:33:35]} Be7 {[%clk 1:21:51]}
9. f3 {[%clk 1:33:47]} Bf5 {[%clk 1:17:47]} 10. fxe4 {[%clk 1:34:06]} Bxe4
{[%clk 1:18:15]} 11. Rb1 {[%clk 1:29:56]} Rb8 {[%clk 1:15:16]} 12. d3
{[%clk 1:22:08]} Bg6 {[%clk 1:15:00]} 13. Bf3 {[%clk 1:19:53]} O-O
{[%clk 1:11:17]} 14. Be3 {[%clk 1:17:13]} Qd7 {[%clk 1:06:26]} 15. d4
{[%clk 1:12:01]} Na5 {[%clk 0:58:54]} 16. Nd3 {[%clk 1:09:10]} Nc4
{[%clk 0:58:33]} 17. Bf2 {[%clk 0:54:10]} c6 {[%clk 0:45:29]} 18. Re1
{[%clk 0:45:48]} Bd6 {[%clk 0:37:02]} 19. h4 {[%clk 0:39:51]} Rfe8
{[%clk 0:33:39]} 20. d5 {[%clk 0:26:54]} Rxe1+ {[%clk 0:26:43]} 21. Nxe1
{[%clk 0:26:32]} Ne5 {[%clk 0:22:57]} 22. Bxa7 {[%clk 0:20:25]} Nxf3+
{[%clk 0:21:49]} 23. Qxf3 {[%clk 0:20:46]} Ra8 {[%clk 0:22:13]} 24. Qe3
{[%clk 0:15:42]} cxd5 {[%clk 0:21:34]} 25. Nd3 {[%clk 0:13:32]} b5
{[%clk 0:17:46]} 26. Bc5 {[%clk 0:13:05]} Rxa2 {[%clk 0:15:31]} 27. Bxd6
{[%clk 0:12:50]} Qxd6 {[%clk 0:15:55]} 28. Qe8+ {[%clk 0:13:00]} Qf8
{[%clk 0:16:23]} 29. Qxf8+ {[%clk 0:10:27]} Kxf8 {[%clk 0:16:48]} 30. Nb4
{[%clk 0:10:50]} Ra3 {[%clk 0:09:53]} 31. Nxd5 {[%clk 0:10:59]} Be4
{[%clk 0:09:47]} 32. Rxb5 {[%clk 0:09:59]} Bxd5 {[%clk 0:10:10]} 33. Rxd5
{[%clk 0:10:18]} Rxc3 {[%clk 0:10:35]} 34. Rd2 {[%clk 0:10:34]} Rc4
{[%clk 0:08:49]} 35. g3 {[%clk 0:10:54]} Ke7 {[%clk 0:09:11]} 36. Kg2
{[%clk 0:09:59]} h5 {[%clk 0:08:50]} 37. Kf3 {[%clk 0:10:03]} Rc3+
{[%clk 0:08:36]} 38. Kf4 {[%clk 0:10:14]} Ke6 {[%clk 0:08:30]} 39. Re2+
{[%clk 0:10:33]} Kf6 {[%clk 0:08:46]} 40. Rd2 {[%clk 0:40:58]} Rc4+
{[%clk 0:39:03]} 41. Kf3 {[%clk 0:41:19]} Ke5 {[%clk 0:39:07]} 42. Re2+
{[%clk 0:39:57]} Kf5 {[%clk 0:39:24]} 43. Rf2 {[%clk 0:39:43]} Rc3+
{[%clk 0:37:22]} 44. Kg2+ {[%clk 0:40:00]} Kg6 {[%clk 0:37:34]} 45. Rd2
{[%clk 0:40:17]} f6 {[%clk 0:37:58]} 46. Rf2 {[%clk 0:40:33]} Kh6
{[%clk 0:36:40]} 47. Rd2 {[%clk 0:40:58]} g5 {[%clk 0:36:56]} 48. hxg5+
{[%clk 0:41:02]} Kxg5 {[%clk 0:37:13]} 49. Rd5+ {[%clk 0:40:05]} f5
{[%clk 0:37:29]} 50. Rd2 {[%clk 0:40:14]} h4 {[%clk 0:37:39]} 51. gxh4+
{[%clk 0:40:13]} Kxh4 {[%clk 0:37:54]} 52. Kf2 {[%clk 0:39:02]} Kg4
{[%clk 0:38:10]} 53. Rd4+ {[%clk 0:38:55]} f4 {[%clk 0:38:17]} 54. Rd2
{[%clk 0:39:21]} Rh3 {[%clk 0:38:01]} 55. Rd3 {[%clk 0:33:29]} Rh2+
{[%clk 0:38:04]} 56. Kf1 {[%clk 0:33:54]} Rxc2 {[%clk 0:38:13]} 57. Ra3
{[%clk 0:34:09]} f3 {[%clk 0:38:09]} 58. Ra8 {[%clk 0:34:28]} 1/2-1/2